Voluntary regulation of advertising : a comparative analysis of the United Kingdom and the United States /

Bibliographic Details
Main Author: Miracle, Gordon E.
Other Authors: Nevett, T. R. (Terence R.)
Format: Book
Language:English
Published: Lexington, Mass. : Lexington Books, [1987]
Subjects:

MARC

Tag First Indicator Second Indicator Subfields
LEADER 00000cam a2200000 a 4500
001 in00000010581
005 20151007051413.0
008 861128s1987 maua b 00110 eng
010 |a  86045294  
020 |a 0669131350 (alk. paper) 
035 |a (OCoLC)14967048 
035 |9 AAA2799AM 
040 |a DLC  |c DLC  |d TXA  |d UtOrBLW 
043 |a n-us---  |a e-uk--- 
049 |a TXAM  |c [A12629655] 
050 0 0 |a HF5834  |b .M57 1987 
082 0 |a 338.4/76591/0941  |2 19 
100 1 |a Miracle, Gordon E. 
245 1 0 |a Voluntary regulation of advertising :  |b a comparative analysis of the United Kingdom and the United States /  |c Gordon E. Miracle, Terence Nevett. 
264 1 |a Lexington, Mass. :  |b Lexington Books,  |c [1987] 
264 4 |c ©1987 
300 |a xxvi, 322 pages :  |b illustrations ;  |c 24 cm. 
336 |a text  |b txt  |2 rdacontent 
337 |a unmediated  |b n  |2 rdamedia 
338 |a volume  |b nc  |2 rdacarrier 
504 |a Includes bibliographies and index. 
650 0 |a Advertising  |z United States  |x Self-regulation. 
650 0 |a Advertising  |z Great Britain  |x Self-regulation. 
650 0 |a Advertising laws  |z United States. 
650 0 |a Advertising laws  |z Great Britain. 
700 1 |a Nevett, T. R.  |q (Terence R.) 
999 |a MARS 
999 f f |s 7352bb6d-b847-336f-b0ab-0dd7ba8a7074  |i c788d2f5-fe76-31ad-aa50-9062129dc20c  |t 0 
952 f f |p ric  |a Texas A&M University  |b Rellis Campus  |c Joint Library Facility  |d Remote Storage  |t 0  |e HF5834 .M57 1987  |h Library of Congress classification  |i unmediated -- volume  |m A14812629655 
998 f f |a HF5834 .M57 1987  |t 0  |l Remote Storage